| 000 | 00665nam a2200217Ia 4500 | ||
|---|---|---|---|
| 003 | GCL | ||
| 008 | 140319s9999 xx 000 0 ara d | ||
| 040 |
_aGCL / _cGCL |
||
| 082 | 0 | 4 |
_a712.5 _bم ت |
| 100 | 1 | _aمحمد حماد | |
| 245 | 1 | 0 |
_aالتشجير المعمارى فى زراعة أنواع نباتات الزينة لتنسيق الحدائق / _cمحمد حماد |
| 700 | 1 | _aمحمد فتحى سالم | |
| 260 |
_a[S.N] : _bلا يوجد ، _c1971 |
||
| 300 | _a263 ص | ||
| 490 | _a | ||
| 650 | 0 | 4 | _aتخطيط المدن |
| 650 | 0 | 4 | _aالحدائق |
| 650 | 0 | 4 | _aنباتات الزينة |
| 650 | 0 | 4 | _aالتنسيق |
| 942 |
_2ddc _cBK |
||
| 999 |
_c29410 _d29410 |
||